skbl

Dr Suryya Kumar Bhuyan Library Web-OPAC
ডঃ সূৰ্য্য
কুমাৰ ভূঞা পুথিভঁৰাল ৱেব-অ'পেক

All Research Scholars are advised to clear the annual library fees to continue using Library Resources, Remote Access, Plagiarism Test and Library Clearance.

Cotton University Book Fair 2026

Democracy in India / (Record no. 43001)

MARC details
000 -LEADER
fixed length control field 00532nam a2200193Ia 4500
001 - CONTROL NUMBER
control field 43035
008 - FIXED-LENGTH DATA ELEMENTS--GENERAL INFORMATION
fixed length control field 170217n ii |||gr||||Z||||||903
082 ## - DEWEY DECIMAL CLASSIFICATION NUMBER
Classification number 321.4
100 ## - MAIN ENTRY--PERSONAL NAME
Personal name Jayal, Niraja Gopal .,
Relator term Author.
245 #0 - TITLE STATEMENT
Title Democracy in India /
Statement of responsibility, etc. Niraja Gopal Jayal.
Medium Textual Documents
250 ## - EDITION STATEMENT
Edition statement 1st ed /
260 ## - PUBLICATION, DISTRIBUTION, ETC.
Place of publication, distribution, etc. Bombay :
Name of publisher, distributor, etc. Oxford University Press ,
Date of publication, distribution, etc. 2007.
300 ## - PHYSICAL DESCRIPTION
Extent 571pg ;
Dimensions 22cm.
653 ## - INDEX TERM--UNCONTROLLED
Uncontrolled term Political science
653 ## - INDEX TERM--UNCONTROLLED
Uncontrolled term PG-Pol Sc
653 ## - INDEX TERM--UNCONTROLLED
Uncontrolled term Democracy
653 ## - INDEX TERM--UNCONTROLLED
Uncontrolled term G-Political science
942 ## - ADDED ENTRY ELEMENTS (KOHA)
Source of classification or shelving scheme Dewey Decimal Classification
Koha item type Books
Holdings
Withdrawn status Lost status Damaged status Not for loan Collection Home library Current library Shelving location Date acquired Coded location qualifier Total checkouts Full call number Barcode Date last seen Copy number Price effective from Koha item type
          Dr. Suryya Kumar Bhuyan Library Dr. Suryya Kumar Bhuyan Library   01/02/2012 00000   321.4 Ja 199 De 623/Pol.Sc 14/01/2024 1 01/02/2012 Books
          Dr. Suryya Kumar Bhuyan Library Dr. Suryya Kumar Bhuyan Library   01/02/2012 00000   321.4 Ja 199 De 222/Rusa 14/01/2024 2 01/02/2012 Books

Designed and Maintained by Team SKBL
©1901-2026

Powered by Koha